[Event "Harrogate 4NCL op-C 31st"]
[Site "Harrogate"]
[Date "2024.01.20"]
[Round "3"]
[White "Redmond, Nigel"]
[Black "Jackson, Malcolm"]
[Result "1/2-1/2"]
[WhiteElo "1679"]
[BlackElo "1474"]
[PlyCount "96"]
[EventDate "2024.01.19"]
[EventType "swiss"]
[EventRounds "5"]
[EventCountry "ENG"]
[SourceTitle "EXT 2025"]
[Source "ChessBase"]
[SourceDate "2024.10.14"]
[SourceVersion "1"]
[SourceVersionDate "2024.10.14"]
[SourceQuality "1"]

1. d4 Nf6 2. e3 e6 3. Bd3 d5 4. Nd2 c5 5. c3 cxd4 6. exd4 a6 7. Ngf3 Nc6 8. 0-0 Bd6 9. Re1 0-0 10. Nf1 h6 11. Ng3 Qc7 12. Bd2 Re8 13. Rc1 Bd7 14. a3 Rac8 15. c4 dxc4 16. Bxc4 Qb8 17. b4 b5 18. Ba2 Qa7 19. Bc3 a5 20. bxa5 Bxa3 21. Ra1 b4 22. Bd2 Qxa5 23. Bb3 Qb6 24. Bc1 Bxc1 25. Rxc1 Na5 26. Rxc8 Rxc8 27. Ba2 b3 28. Bb1 Nd5 29. Qd3 g6 30. Ne5 Bb5 31. Qd2 Kg7 32. Ne4 Nc4 33. Nxc4 Rxc4 34. Nc5 Ba4 35. Qe2 Bb5 36. Qe5+ Kg8 37. Nxb3 Rb4 38. Nc5 Be8 39. Bd3 Ne7 40. h4 Nc6 41. Qe3 Rxd4 42. Ne4 Qd8 43. Bb5 Rd1 44. g3 Rxe1+ 45. Qxe1 Ne7 46. Be2 Bc6 47. Nd2 Qd5 48. f3 Qd4+ 1/2-1/2

[Event "IECG CP.2008.P.00011 email"]
[Site "IECG email"]
[Date "2008.10.01"]
[Round "?"]
[White "Spiljard, Jan"]
[Black "Jackson, Malcolm"]
[Result "0-1"]
[WhiteElo "1632"]
[BlackElo "1428"]
[PlyCount "39"]
[EventDate "2008.10.01"]
[EventType "tourn (corr)"]
[EventRounds "6"]
[EventCountry "ARG"]
[SourceTitle "Corr 2024"]
[Source "ChessBase"]
[SourceDate "2023.10.19"]
[SourceVersion "1"]
[SourceVersionDate "2023.10.19"]
[SourceQuality "1"]

1. e4 e5 2. Nf3 Nc6 3. Bc4 a6 4. d4 Qf6 5. d5 Nd4 6. Nxd4 exd4 7. 0-0 Bc5 8. e5 Qe7 9. Re1 Bb4 10. d6 cxd6 11. c3 Bc5 12. exd6 Bxd6 13. Rxe7+ Nxe7 14. Qxd4 b5 15. Bb3 Nf5 16. Qe4+ Ne7 17. Qxa8 0-0 18. Be3 Nc6 19. Bd5 Bb7 20. Qxb7 0-1

[Event "IECG CD.2007.0.00123 email"]
[Site "IECG email"]
[Date "2007.11.04"]
[Round "1"]
[White "Eide, John Henning"]
[Black "Jackson, Malcolm"]
[Result "1-0"]
[WhiteElo "1499"]
[BlackElo "1470"]
[PlyCount "41"]
[EventDate "2007.11.04"]
[EventType "tourn (corr)"]
[EventRounds "5"]
[SourceTitle "Corr 2024"]
[Source "ChessBase"]
[SourceDate "2023.10.19"]
[SourceVersion "1"]
[SourceVersionDate "2023.10.19"]
[SourceQuality "1"]

1. e4 e5 2. Nf3 Nc6 3. Bb5 Nge7 4. Nc3 Ng6 5. d4 Bb4 6. dxe5 Qe7 7. Bd2 Ngxe5 8. 0-0 0-0 9. Nd5 Nxf3+ 10. Qxf3 Qe5 11. Bf4 Qxb2 12. Rfb1 Qd4 13. Nxb4 a6 14. c3 Qb6 15. Nd5 Qxb5 16. Rxb5 axb5 17. Nf6+ Kh8 18. Qh5 gxf6 19. Qh4 Rg8 20. Qxf6+ Rg7 21. Bh6 1-0

[Event "IECG CD.2007.0.00123 email"]
[Site "IECG email"]
[Date "2007.11.04"]
[Round "1"]
[White "Jackson, Malcolm"]
[Black "Gonzalez, Miguel"]
[Result "0-1"]
[WhiteElo "1470"]
[BlackElo "1500"]
[PlyCount "64"]
[EventDate "2007.11.04"]
[EventType "tourn (corr)"]
[EventRounds "5"]
[SourceTitle "Corr 2024"]
[Source "ChessBase"]
[SourceDate "2023.10.19"]
[SourceVersion "1"]
[SourceVersionDate "2023.10.19"]
[SourceQuality "1"]

1. Nf3 c5 2. e4 d6 3. Na3 Nf6 4. Be2 Nc6 5. 0-0 e5 6. Bb5 Nxe4 7. Nc4 Be7 8. d3 Nf6 9. Re1 0-0 10. Bg5 h6 11. Bh4 Qc7 12. Bg3 Be6 13. c3 a6 14. Bxc6 Qxc6 15. Bxe5 dxe5 16. Nfxe5 Qc7 17. Qa4 b5 18. Qa5 Qb7 19. Nb6 Bd8 20. Re3 Bxb6 21. Qa3 Ng4 22. Re4 Nxf2 23. Rf4 Nh3+ 24. gxh3 Bxh3 25. Rf3 Qc8 26. Re1 Re8 27. Re4 f6 28. Ng6 Rxe4 29. dxe4 c4+ 30. Kh1 Qg4 31. Ne7+ Kh7 32. Qd6 Bg2# 0-1

[Event "IECG TG-2003-0-14970"]
[Site "IECG email"]
[Date "2003.09.10"]
[Round "2"]
[White "Jackson, Malcolm"]
[Black "Yagiz, Yasin Emrah"]
[Result "0-1"]
[WhiteElo "1800"]
[BlackElo "1800"]
[PlyCount "48"]
[EventDate "2003.09.10"]
[EventType "tourn (corr)"]
[EventRounds "6"]
[SourceTitle "Corr 2024"]
[Source "ChessBase"]
[SourceDate "2023.10.19"]
[SourceVersion "1"]
[SourceVersionDate "2023.10.19"]
[SourceQuality "1"]

1. e4 e6 2. d4 d5 3. Nd2 c5 4. Ngf3 a6 5. Be2 cxd4 6. 0-0 dxe4 7. Nxe4 Nc6 8. a3 Be7 9. Bd2 f5 10. Neg5 h6 11. Nf7 Kxf7 12. b4 Nf6 13. Bf4 Ne4 14. Qd3 Bf6 15. h4 Nc3 16. Ne5+ Bxe5 17. Bh5+ g6 18. Bxg6+ Kxg6 19. Qg3+ Kh7 20. Bxe5 Ne2+ 21. Kh1 Nxg3+ 22. Bxg3 f4 23. Bh2 Qxh4 24. Rae1 Rg8 0-1